00498 2200181 4500001002100000005001500021035002000036007000300056008004100059020002200100082001000122084001600132100002100148245004100169260004000210300004600250650002000296INLIS00000000000038020221028015444 a0010-1022000122ta221028 a 1 ind  a978-979-099-430-0 a741.5 a741.5 ANI n0 aanies listyowati1 aNami Sakit Cacar /canies listyowati aJakarta :bErlangga For Kids,c2012 a22 halaman :bilustrasi berwarna ;c22 cm 4aSeri Anak Sehat